[Event "AUTO-ADV-1090"]
[Site "http://www.queenalice.com/game.php?id=485477"]
[Date "2008.10.30"]
[Round "1"]
[White "PegasusSeiya"]
[Black "faver_154"]
[Result "1-0"]
[WhiteElo "1705"]
[BlackElo "1811"]

1. d4 Nf6 2. Nf3 d5 3. e3 Bf5 4. b3 c6 5. Bb2 e6 6. Nbd2 b5 7. Be2 Bd6 8. O-O
Nbd7 9. Nh4 Bg6 10. Nxg6 hxg6 11. Nf3 1-0

[Event "AUTO-ADV-1090"]
[Site "http://www.queenalice.com/game.php?id=485490"]
[Date "2008.10.30"]
[Round "1"]
[White "attachui"]
[Black "PegasusSeiya"]
[Result "1-0"]
[WhiteElo "1988"]
[BlackElo "1653"]

1. d4 d5 2. c4 c6 3. Nf3 Bg4 4. h3 Bxf3 5. gxf3 Nf6 6. Nc3 e6 7. cxd5 cxd5 8. e4
dxe4 9. fxe4 Bb4 10. Qa4+ Nc6 11. Bb5 Bxc3+ 12. bxc3 Qc7 13. e5 Nd7 14. Rg1 Nb6
15. Bxc6+ bxc6 16. Qb4 Rb8 17. c4 Nd5 18. Qd2 Nb4 19. Rxg7 Rd8 20. Qxb4 Rxd4 21.
Ba3 a5 22. Qc5 Re4+ 23. Kf1 Rxe5 24. Qd6 Qxd6 25. Bxd6 Rh5 26. Rb1 c5 27. Rb8+
1-0

[Event "AUTO-ADV-1090"]
[Site "http://www.queenalice.com/game.php?id=485491"]
[Date "2008.10.30"]
[Round "1"]
[White "PegasusSeiya"]
[Black "attachui"]
[Result "0-1"]
[WhiteElo "1672"]
[BlackElo "1964"]

1. e4 c5 2. f4 Nf6 3. d3 d6 4. Nf3 Bg4 5. Be2 Nc6 6. Nc3 e6 7. O-O Be7 8. Be3 d5
9. exd5 exd5 10. d4 cxd4 11. Nxd4 Bxe2 12. Ndxe2 O-O 13. Nd4 Bc5 14. Nxc6 Bxe3+
15. Kh1 bxc6 0-1

[Event "AUTO-ADV-1090"]
[Site "http://www.queenalice.com/game.php?id=485500"]
[Date "2008.10.30"]
[Round "1"]
[White "PegasusSeiya"]
[Black "Guilherme_Ottoni"]
[Result "0-1"]
[WhiteElo "1678"]
[BlackElo "1923"]

1. d4 Nf6 2. e3 g6 3. Nf3 Bg7 4. b3 c5 5. c3 O-O 6. Bc4 d5 7. Bd3 Nc6 8. O-O b6
9. Bd2 Bb7 10. c4 cxd4 11. exd4 dxc4 12. Bxc4 Nxd4 13. Nxd4 Qxd4 14. Bc3 Qe4 15.
Nd2 Qxg2# 0-1

[Event "Challenge"]
[Site "http://www.queenalice.com/game.php?id=487620"]
[Date "2008.11.4"]
[Round "-"]
[White "PegasusSeiya"]
[Black "flaviookytsoten"]
[Result "0-1"]
[WhiteElo "1663"]
[BlackElo "1823"]

1. e4 e5 2. Nf3 d6 3. d4 Bg4 4. dxe5 Bxf3 5. Qxf3 dxe5 6. Bc4 Nf6 7. O-O Bd6 8.
Nc3 O-O 9. Nd5 Nxd5 10. exd5 Nd7 11. Bd3 Qe7 12. Re1 Nf6 13. Qg3 Qd7 14. Bh6 Qg4
15. Qxg4 Nxg4 16. Bd2 Rfe8 17. h3 Nf6 18. c4 h6 19. b3 Bc5 20. b4 Bd6 21. a3 a6
22. c5 Bf8 23. Bc4 Rad8 24. Bc3 Nxd5 25. Rxe5 Nxc3 0-1

[Event "Challenge"]
[Site "http://www.queenalice.com/game.php?id=488578"]
[Date "2008.11.5"]
[Round "-"]
[White "PegasusSeiya"]
[Black "Kritikos"]
[Result "1-0"]
[WhiteElo "1725"]
[BlackElo "1719"]

1. e4 c5 2. f4 Nc6 3. Nf3 d6 4. d4 cxd4 5. Nxd4 e5 6. Nxc6 bxc6 7. fxe5 Qa5+ 8.
Nc3 Qxe5 9. Qd3 Nf6 10. Be3 Bb7 11. O-O-O Be7 12. g3 Rd8 13. Bxa7 c5 14. Bb6 Rb8
15. Qb5+ Nd7 16. Bc7 Bxe4 17. Bxb8 O-O 18. Nxe4 Rxb8 19. Qxd7 Qxe4 20. Bd3 Qe5
21. Rhe1 Qxb2+ 22. Kd2 Bg5+ 23. Ke2 Qe5+ 24. Kf2 Qd4+ 25. Kg2 Qd5+ 26. Be4 Qc4
27. Qf5 1-0

[Event "AUTO-OPEN-1333"]
[Site "http://www.queenalice.com/game.php?id=491678"]
[Date "2008.11.11"]
[Round "1"]
[White "andorei"]
[Black "PegasusSeiya"]
[Result "0-1"]
[WhiteElo "1329"]
[BlackElo "1741"]

1. d4 c5 2. dxc5 e6 3. e4 Bxc5 4. h4 Nf6 5. Bd2 Nxe4 6. Qf3 Nxf2 7. Rh2 Qb6 8.
Bc3 Nd1 9. Kxd1 Bxg1 10. Rh1 Bd4 11. Be2 Nc6 12. Qg3 O-O 13. Qg4 Bxc3 14. bxc3
d5 15. Rh3 e5 16. Qxg7+ Kxg7 17. Rg3+ Kh8 18. Bd3 Qb2 19. Rg5 Qxa1 20. Rh5 Qxb1+
21. Kd2 e4 22. Be2 Rg8 0-1

[Event "AUTO-OPEN-1333"]
[Site "http://www.queenalice.com/game.php?id=491679"]
[Date "2008.11.11"]
[Round "1"]
[White "PegasusSeiya"]
[Black "andorei"]
[Result "1-0"]
[WhiteElo "1743"]
[BlackElo "1327"]

1. e4 e5 2. Nf3 Nc6 3. d4 f6 4. dxe5 fxe5 5. Bc4 Nf6 6. Ng5 Qe7 7. Bf7+ Kd8 8.
Bb3 Ke8 9. Bf7+ Kd8 10. Bb3 h6 11. Nf7+ Ke8 12. Nxh8 b6 13. Ng6 Qd8 14. O-O Nxe4
15. Qh5 Nf6 16. Qe2 d5 17. Nxe5 Nxe5 18. Qxe5+ Be7 19. Nc3 Ba6 20. Ba4+ Kf8 21.
Bf4 Bd6 22. Qf5 Qe7 23. Rfe1 1-0

[Event "AUTO-OPEN-1333"]
[Site "http://www.queenalice.com/game.php?id=491702"]
[Date "2008.11.11"]
[Round "1"]
[White "reginaldox"]
[Black "PegasusSeiya"]
[Result "1-0"]
[WhiteElo "1689"]
[BlackElo "1784"]

1. b4 e5 2. Bb2 d6 3. d3 Nf6 4. e4 Be7 5. Nf3 c6 6. Be2 Nbd7 7. O-O O-O 8. a4
Re8 9. c4 b6 10. Re1 c5 11. bxc5 bxc5 12. Nbd2 a5 13. Bc3 Ba6 14. Nb3 Bb7 15.
Qd2 Bxe4 16. dxe4 Nxe4 17. Qc2 Nxc3 18. Qxc3 Qc7 19. Reb1 Bd8 20. Nfd2 Nf6 21.
h3 Qe7 22. Re1 d5 23. cxd5 Nxd5 24. Qxc5 Nb4 25. Rec1 Qe6 26. Bb5 Bb6 27. Qc3
Rec8 28. Qg3 Rd8 29. Bc4 Qh6 30. Qxe5 Rxd2 31. Nxd2 Qxd2 32. Rd1 Qxf2+ 33. Kh2
Nc6 34. Qg3 Qf6 35. Rf1 Qe7 36. Rae1 Qa7 37. Rxf7 1-0

[Event "AUTO-OPEN-1333"]
[Site "http://www.queenalice.com/game.php?id=491703"]
[Date "2008.11.11"]
[Round "1"]
[White "PegasusSeiya"]
[Black "reginaldox"]
[Result "1-0"]
[WhiteElo "1745"]
[BlackElo "1759"]

1. e4 c5 2. f4 e6 3. Nf3 Nc6 4. d3 Be7 5. c3 d5 6. e5 Bd7 7. Be2 f6 8. d4 cxd4
9. cxd4 Qc7 10. O-O O-O-O 11. Nc3 a6 12. Be3 h6 13. Rc1 Kb8 14. b4 Bxb4 15. Na4
fxe5 16. dxe5 Nge7 17. Bc5 Bxc5+ 18. Nxc5 Rhf8 19. Bxa6 Qb6 20. Bxb7 Na5 21. Nd4
Nxb7 22. Nxb7 Nc6 23. Nxd8 Qxd8 24. Nxc6+ Bxc6 25. Rxc6 1-0

[Event "AUTO-OPEN-1333"]
[Site "http://www.queenalice.com/game.php?id=491718"]
[Date "2008.11.11"]
[Round "1"]
[White "PegasusSeiya"]
[Black "darth_antonius"]
[Result "1-0"]
[WhiteElo "1784"]
[BlackElo "1902"]

1. e4 d5 2. exd5 c6 3. dxc6 Nxc6 4. Nf3 Bg4 5. Be2 Nf6 6. c3 e6 7. O-O Be7 8. d4
O-O 9. Bf4 Nd5 10. Bg3 Bd6 11. Bxd6 Qxd6 12. Nbd2 f5 13. h3 Bh5 14. Re1 Rae8 15.
Ne5 Bxe2 16. Qxe2 Nf4 17. Qe3 Ng6 18. f4 Qd5 19. Ndf3 Ncxe5 20. fxe5 f4 21. Qd2
a5 22. b3 b5 23. Ng5 Nh4 24. Qc2 Rf5 25. Ne4 f3 26. Rf1 1-0

[Event "AUTO-OPEN-1333"]
[Site "http://www.queenalice.com/game.php?id=491719"]
[Date "2008.11.11"]
[Round "1"]
[White "darth_antonius"]
[Black "PegasusSeiya"]
[Result "0-1"]
[WhiteElo "1924"]
[BlackElo "1762"]

1. d4 d5 2. Nc3 c6 3. e4 e6 4. exd5 exd5 5. Nf3 Nf6 6. Bg5 Be7 7. Bd3 Nbd7 8.
O-O O-O 9. Re1 Re8 10. Ne5 Nxe5 11. Bxf6 Nxd3 12. Bxe7 Rxe7 13. Qxd3 Be6 14. Re5
Qb6 15. Na4 Qc7 16. Rae1 Rae8 17. Nc5 b6 18. Nb3 c5 19. dxc5 bxc5 20. Qe3 d4 21.
Qf3 f6 22. Rxc5 Bxb3 23. Rxe7 Qxe7 0-1

[Event "AUTO-OPEN-1255"]
[Site "http://www.queenalice.com/game.php?id=522587"]
[Date "2009.1.14"]
[Round "2"]
[White "luizantoniosetti"]
[Black "PegasusSeiya"]
[Result "1-0"]
[WhiteElo "2137"]
[BlackElo "1764"]

1. e4 e6 2. d4 d5 3. Nd2 dxe4 4. Nxe4 Nf6 5. Bg5 Be7 6. Bxf6 Bxf6 7. Nf3 O-O 8.
Qd2 c5 9. Nxc5 Nc6 10. Nb3 Be7 11. Bd3 1-0

[Event "AUTO-OPEN-1255"]
[Site "http://www.queenalice.com/game.php?id=522588"]
[Date "2009.1.14"]
[Round "2"]
[White "PegasusSeiya"]
[Black "luizantoniosetti"]
[Result "0-1"]
[WhiteElo "1762"]
[BlackElo "2138"]

1. e4 e6 2. d4 d5 3. exd5 exd5 4. Bf4 Nf6 5. Nf3 Bg4 6. Be2 Be7 7. c3 O-O 8.
Nbd2 Re8 9. Ne5 Bxe2 10. Qxe2 c5 0-1

[Event "AUTO-OPEN-1275"]
[Site "http://www.queenalice.com/game.php?id=530431"]
[Date "2009.1.27"]
[Round "2"]
[White "Poirot"]
[Black "PegasusSeiya"]
[Result "1-0"]
[WhiteElo "1940"]
[BlackElo "1794"]

1. e4 e6 2. d4 d5 3. Nc3 Bb4 4. Bd2 Bxc3 5. Bxc3 dxe4 6. Ne2 Nf6 7. Qd2 Nc6 8.
O-O-O O-O 9. h3 Nd5 10. f3 exf3 11. gxf3 1-0

[Event "AUTO-OPEN-1275"]
[Site "http://www.queenalice.com/game.php?id=530432"]
[Date "2009.1.27"]
[Round "2"]
[White "PegasusSeiya"]
[Black "Poirot"]
[Result "0-1"]
[WhiteElo "1805"]
[BlackElo "1929"]

1. e4 e5 2. Nf3 Nc6 3. d4 exd4 4. Nxd4 Nxd4 5. Qxd4 c5 6. Qe5+ Qe7 7. Bf4 Nf6 8.
Qxe7+ Bxe7 9. Nc3 O-O 10. O-O-O Ng4 11. Rd2 a5 0-1